| 000 | 00505nam a2200205Ia 4500 | ||
|---|---|---|---|
| 008 | 170918s9999 xx 000 0 und d | ||
| 020 | _a9780545398381 | ||
| 050 | _bW657 2011 | ||
| 100 | _aWight, Eric | ||
| 245 | _aFrankie pickle : | ||
| 245 | _band the mathematical manace / | ||
| 245 | _cwritten and illustrated by Eric Wight. | ||
| 260 | _aNew York : | ||
| 260 | _bScholastic, | ||
| 260 | _c2011 | ||
| 300 | _a85 pages : | ||
| 300 | _billustrations ; | ||
| 300 | _c19cm. | ||
| 500 | _a600 | ||
| 999 |
_c344309 _d344309 |
||